| 000 | 02164nam a2200433 i 4500 | ||
|---|---|---|---|
| 001 | ebr10829011 | ||
| 003 | CaPaEBR | ||
| 006 | m o d | ||
| 007 | cr cn||||||||| | ||
| 008 | 130412t20142014nyu ob 001 0deng|d | ||
| 020 | _z9781438449678 (alk. paper) | ||
| 020 | _a9781438449685 (e-book) | ||
| 040 |
_aCaPaEBR _beng _erda _epn _cCaPaEBR |
||
| 035 | _a(OCoLC)870443028 | ||
| 041 | 1 |
_aeng _hfre |
|
| 050 | 1 | 4 |
_aB945.S84 _bP4513 2014eb |
| 082 | 0 | 4 |
_a181/.06 _223 |
| 100 | 1 | _aPelluchon, Corine. | |
| 240 | 1 | 0 |
_aLeo Strauss. _lEnglish |
| 245 | 1 | 0 |
_aLeo Strauss and the crisis of rationalism : _banother reason, another enlightenment / _cCorine Pelluchon ; translated by Robert Howse. |
| 264 | 1 |
_aAlbany : _bState University of New York Press, _c[2014] |
|
| 264 | 4 | _c�2014 | |
| 300 | _a1 online resource (322 pages). | ||
| 336 |
_atext _2rdacontent |
||
| 337 |
_acomputer _2rdamedia |
||
| 338 |
_aonline resource _2rdacarrier |
||
| 440 | 0 | _aSUNY series in the thought and legacy of Leo Strauss | |
| 504 | _aIncludes bibliographical references and index. | ||
| 505 | 0 | _apart I. The dissection of the modern religious consciousness -- part II. The dissections of modern political consciousness. | |
| 520 | _a"Examines the German and Jewish sources of Strauss's thought and the extent to which his philosophy can shed light on the crisis of liberal democracy"--Provided by publisher. | ||
| 588 | _aDescription based on print version record. | ||
| 590 | _aElectronic reproduction. Palo Alto, Calif. : ebrary, 2014. Available via World Wide Web. Access may be limited to ebrary affiliated libraries. | ||
| 600 | 1 | 0 | _aStrauss, Leo. |
| 655 | 0 | _aElectronic books. | |
| 700 | 1 | _aHowse, Robert. | |
| 776 | 0 | 8 |
_iPrint version: _aPelluchon, Corine. _tLeo Strauss and the crisis of rationalism : another reason, another enlightenment. _dAlbany : State University of New York Press, [2014] _hix, 309 pages _kSUNY series in the thought and legacy of Leo Strauss _z9781438449678 _w(DLC)10829011 |
| 797 | 2 | _aebrary. | |
| 856 | 4 | 0 |
_uhttp://site.ebrary.com/lib/rucke/Doc?id=10829011 _zAn electronic book accessible through the World Wide Web; click to view |
| 999 |
_c85470 _d85470 |
||